000 00556nam a22002417a 4500
003 UA-OsUOA
001 22940
007 ta
008 20031229b un ||||| |||| 00| 0 ukr d
090 _a32
_bП60
942 _cBK
040 _aUA-OsUOA
_brus
_cUA-OsUOA
_dUA-OsUOA
245 _aПолитология
_cРед. Д. С.Клементьев
300 _a224 с.
955 _a0
041 _arus
080 _a32
020 _a5-07-002748-4
260 _aМосква
_bЗнание
_c1997
044 _aRU
650 7 _2UDC
999 _c309172
_d309172